دولة الإسلام في الأندلس / (Record no. 6949)
[ view plain ]
| 000 -الفاتح | |
|---|---|
| حقل البيانات ثابتة الطول | 02277nam a2200397 i 4500 |
| 003 - محدد رقم الضبط | |
| رقم الضبط | EG-ScBUE |
| 005 - وقت وتاريخ اخر تعامل مع التسجيلة | |
| رقم الضبط | 20231207093457.0 |
| 008 - عناصر البيانات ثابتة الطول - معلومات عامة | |
| حقل البيانات ثابتة الطول | 100824s2001 ua bo f b 001 0 ara d |
| 020 ## - الرقم الدولى المعيارى للكتب | |
| الرقم الدولى المعيارى للكتاب | 9770173363 (مج. 1) |
| 020 ## - الرقم الدولى المعيارى للكتب | |
| الرقم الدولى المعيارى للكتاب | 9770173371 (مج. 3) |
| 020 ## - الرقم الدولى المعيارى للكتب | |
| الرقم الدولى المعيارى للكتاب | 977017338X (مج. 3) |
| 020 ## - الرقم الدولى المعيارى للكتب | |
| الرقم الدولى المعيارى للكتاب | 9770173398 (مج. 4) |
| 020 ## - الرقم الدولى المعيارى للكتب | |
| الرقم الدولى المعيارى للكتاب | 9770173401 (مج. 5) |
| 020 ## - الرقم الدولى المعيارى للكتب | |
| الرقم الدولى المعيارى للكتاب | 977017341X (مج. 6) |
| 020 ## - الرقم الدولى المعيارى للكتب | |
| الرقم الدولى المعيارى للكتاب | 9770173428 (مج. 7) |
| 020 ## - الرقم الدولى المعيارى للكتب | |
| الرقم الدولى المعيارى للكتاب | 9770173436 (8 .مج) |
| 040 ## - مصدر الفهرسة | |
| وكالة الفهرسة الأصلية | EG-SbBUE |
| لغة الفهرسة | ara |
| قواعد الوصف | rda |
| وكالة النسخ | EG-SbBUE |
| وكالة التعديل | EG-ScBUE |
| 082 04 - رقم تصنيف ديوى العشرى | |
| رقم التصنيف | 946.8 |
| رقم المادة | ع ن ا |
| رقم الطبعة | 22 |
| 100 1# - المدخل الرئيسى - إسم شخصى | |
| الإسم الشخصى | عنان، محمد عبد الله، |
| الدور | مؤلف. |
| 9 (RLIN) | 17646 |
| 245 10 - بيان العنوان | |
| العنوان | دولة الإسلام في الأندلس / |
| بيان المسئوليه,etc | محمد عبد الله عنان. |
| 264 #1 - النشر، التوزيع | |
| مكان الناشر او الموزع | القاهرة : |
| اسم الناشر او الموزع | الهيئة المصرية العامة للكتاب، |
| تاريخ النشر أو التوزيع | 2001. |
| 300 ## - الوصف المادى | |
| التعداد | 8 مجلدات : |
| تفاصيل ماديه اخرى للوعاء | صور، خرائط ؛ |
| أبعاد الوعاء | 24 سم. |
| 336 ## - نوع المحتوى | |
| source | rdacontent |
| Carrier Type Term | نص |
| Content Type Code | txt |
| 337 ## - نوع الوسيط | |
| Media Type Term | بدون وسيط |
| source | rdamedia |
| Media Type Code | n |
| 338 ## - نوع الحامل أو الناقل | |
| Carrier Type Term | مجلد |
| Carrier Type Code | nc |
| source | rdacarrier |
| 490 0# - بيان السلسلة | |
| عنوان السلسلة | مكتبة الأسرة. |
| -- | الأعمال الفكرية |
| 504 ## - تبصرة ببليوجرافية | |
| تبصرة ببليوجرافية,الخ | يشتمل على إرجاعات ببليوجرافية وكشافات. |
| 505 0# - تبصرة محتويات-الفهرس | |
| تبصرة المحتويات المصاغة | المجلد الأول. من الفتح إلي بداية الناصر -- المجلد الثاني. الخلافة الأموية والدولة العامرية -- المجلد الثالث. دول الطوائف منذ قيامها حتى الفتح الرابطي -- المجلد الرابع. عصر المرابطين وزبداية الدولة الموحدية -- المجلد الخامس. عصر الموحدين -- المجلد السادس. عصر الموحديين وإنهيار الأندلس -- المجلد السابع. نهاية الأندلس وتاريخ العرب المتنصرين -- المجلد الثامن. الآثار الأندلسية الباقية في أسبانيا والبرتغال . |
| 650 #7 - المدخل الاضافى بالموضوع-مصطلح موضوعى | |
| مصطلح موضوعي أو اسم جغرافي كعنصر مدخل | الموحدون. |
| مصدر الرأس أو المصطلح | BUEsh |
| 9 (RLIN) | 22172 |
| 650 #7 - المدخل الاضافى بالموضوع-مصطلح موضوعى | |
| مصطلح موضوعي أو اسم جغرافي كعنصر مدخل | المرابطون. |
| مصدر الرأس أو المصطلح | BUEsh |
| 9 (RLIN) | 22171 |
| 651 #7 - المدخل الاضافى بالموضوع - اسم جغرافى | |
| الاسم الجغرافي | الأندلس |
| التقسيم الفرعي العام | تاريخ |
| التقسيم الفرعي الزمني | العصر الإسلامي. |
| 9 (RLIN) | 22173 |
| مصدر الرأس أو المصطلح | BUEsh |
| 651 #7 - المدخل الاضافى بالموضوع - اسم جغرافى | |
| الاسم الجغرافي | الأندلس |
| التقسيم الفرعي العام | تاريخ |
| التقسيم الفرعي الزمني | ملوك مرسية |
| 9 (RLIN) | 22176 |
| مصدر الرأس أو المصطلح | BUEsh |
| 653 ## - مصطلح تكشيفى غير مقيد | |
| Resource For college | Arabic Literature |
| Arrived date list | August2015 |
| 655 ## - مصطلح تكشيفى-نوع/شكل | |
| التقسيم الفرعي الشكلي | Reading book |
| 942 ## - عناصر المدخل الإضافي( كوها) | |
| سابقة رقم الطلب | 946.8 ع ن ا |
| مصدر التصنيف او مخطط الترفيف | Dewey Decimal Classification |
| حالة التراجع | حالة الفقد | مصدر التصنيف او خطة الترفيف | حالة تلف | ليس للاعارة | مجموعات كوها | المكان الدائم | المكان الحالي | موقع الترفيف | تاريخ الاكتساب | Source of acquisition | رقم الاستدعاء | الباركود | Date last seen | نوع الوعاء | تبصرة عامة | مُعار |
|---|---|---|---|---|---|---|---|---|---|---|---|---|---|---|---|---|
| Dewey Decimal Classification | Alef-Baa | Central Library | Central Library | Second Floor | 24/08/2010 | Purchase | 946.8 ع ن ا | 000008596 | 15/07/2025 | Book - Borrowing | مج. 2. | |||||
| Dewey Decimal Classification | Alef-Baa | Central Library | Central Library | Second Floor | 24/01/2011 | Purchase | 946.8 ع ن ا | 000008595 | 15/07/2025 | Book - Borrowing | مج. 3. | |||||
| Dewey Decimal Classification | Alef-Baa | Central Library | Central Library | Second Floor | 24/01/2011 | Purchase | 946.8 ع ن ا | 000008594 | 15/07/2025 | Book - Borrowing | مج. 7. | |||||
| Dewey Decimal Classification | Alef-Baa | Central Library | Central Library | Second Floor | 24/01/2011 | Purchase | 946.8 ع ن ا | 000007732 | 15/07/2025 | Book - Borrowing | مج. 4. | |||||
| Dewey Decimal Classification | Alef-Baa | Central Library | Central Library | Second Floor | 24/01/2011 | Purchase | 946.8 ع ن ا | 000008593 | 15/07/2025 | Book - Borrowing | مج. 6. | |||||
| Dewey Decimal Classification | Alef-Baa | Central Library | Central Library | Second Floor | 27/07/2011 | Purchase | 946.8 ع ن ا | 000024459 | 15/07/2025 | Book - Borrowing | مج. 8. | |||||
| Dewey Decimal Classification | Alef-Baa | Central Library | Central Library | Second Floor | 17/11/2011 | Purchase | 946.8 ع ن ا | 000025681 | 15/07/2025 | Book - Borrowing | مج. 1. | 03/03/2016 | ||||
| Dewey Decimal Classification | Alef-Baa | Central Library | Central Library | Second Floor | 17/11/2011 | Purchase | 946.8 ع ن ا | 000025653 | 15/07/2025 | Book - Borrowing | مج. 5. |